| 000 | 00714 a2200193 4500 | ||
|---|---|---|---|
| 001 | 29607 | ||
| 005 | 20260407155606.0 | ||
| 008 | 260407a1962 arg spa d | ||
| 003 | AR-UNSa-BCEJYS | ||
| 040 |
_aAR-UNSa-BCEJYS _bspa _cAR-UNSa-BCEJYS |
||
| 080 |
_a657.312 _xTipo de presupuestos |
||
| 245 | 1 | 0 | _aCríticas al régimen presupuestario argentino |
| 264 | 1 |
_aBuenos Aires : _bAbeledo Perrot _c1962 |
|
| 300 |
_a111 p. _c23 cm. |
||
| 505 | _a1. Universalidad del presupuesto - 2. Especialidad del presupuesto - 3. Unidad del presupuesto - 4. Claridad del presupuesto - 5. Constitucionalidad del presupuesto | ||
| 942 | _cBK | ||
| 590 | _aniveau_biblio:m niveau_hierar:0 | ||
| 100 | 1 | _aMatocq, Eugenio Andrés | |
| 999 |
_c1907 _d1907 |
||